9th conference on urban and regional research : sustainable and livable cities 9 - 19 June 2002 Leeds, United Kingdom (Record no. 102736)

MARC details
000 -LEADER
fixed length control field 01638cam a2200361 4500
008 - FIXED-LENGTH DATA ELEMENTS--GENERAL INFORMATION
fixed length control field 021216n 000 0 eng u
020 ## - INTERNATIONAL STANDARD BOOK NUMBER
International Standard Book Number J121782
035 ## - SYSTEM CONTROL NUMBER
System control number (Sirsi) u121782
050 ## - LIBRARY OF CONGRESS CALL NUMBER
Classification number 711.58
-- 18
110 ## - MAIN ENTRY--CORPORATE NAME
Corporate name or jurisdiction name as entry element United Nations Economic Commission for Europe
9 (RLIN) 3440
245 ## - TITLE STATEMENT
Title 9th conference on urban and regional research : sustainable and livable cities 9 - 19 June 2002 Leeds, United Kingdom
260 ## - PUBLICATION, DISTRIBUTION, ETC.
Place of publication, distribution, etc. Geneva
Name of publisher, distributor, etc. United Nations Economic Commission for Europe
Date of publication, distribution, etc. 2002-03
505 ## - FORMATTED CONTENTS NOTE
Formatted contents note Report on the Leeds Conference
505 ## - FORMATTED CONTENTS NOTE
Formatted contents note Photos
505 ## - FORMATTED CONTENTS NOTE
Formatted contents note Summary paper
505 ## - FORMATTED CONTENTS NOTE
Formatted contents note Urban society and economy: achieving social equity through effective planning policies and tools
505 ## - FORMATTED CONTENTS NOTE
Formatted contents note Improving urban performance : urban structure and ecosystems
505 ## - FORMATTED CONTENTS NOTE
Formatted contents note Governance and urban organisation : integrated decision-making
520 ## - SUMMARY, ETC.
Summary, etc. View a report on the conference, photographs,summary paper and three discussion papers at www.unece.org. The full conference proceedings have been published separately (ISBN 1842191187).
650 ## - SUBJECT ADDED ENTRY--TOPICAL TERM
Topical term or geographic name entry element CITIES
650 ## - SUBJECT ADDED ENTRY--TOPICAL TERM
Topical term or geographic name entry element SUSTAINABLE DEVELOPMENT
650 ## - SUBJECT ADDED ENTRY--TOPICAL TERM
Topical term or geographic name entry element URBAN DEVELOPMENT
650 ## - SUBJECT ADDED ENTRY--TOPICAL TERM
Topical term or geographic name entry element URBAN REGENERATION
690 ## - LOCAL SUBJECT ADDED ENTRY--TOPICAL TERM (OCLC, RLIN)
Topical term or geographic name as entry element DEVELOPMENT-SUSTAINABLE
700 ## - ADDED ENTRY--PERSONAL NAME
Personal name Fell, David
700 ## - ADDED ENTRY--PERSONAL NAME
Personal name Storchevus, Vladimir
700 ## - ADDED ENTRY--PERSONAL NAME
Personal name Budisteanu, Ileana
700 ## - ADDED ENTRY--PERSONAL NAME
Personal name Skovbro, Anne
700 ## - ADDED ENTRY--PERSONAL NAME
Personal name Querrien, Anne
700 ## - ADDED ENTRY--PERSONAL NAME
Personal name Elander, Ingemar
856 ## - ELECTRONIC LOCATION AND ACCESS
Uniform Resource Identifier <a href="https://www.unece.org/env/hs/conference/welcome.htm">https://www.unece.org/env/hs/conference/welcome.htm</a>
Public note View the conference report, photographs, summary paper and discussion papers on the United National Economic Commission for Europe website...
942 ## - ADDED ENTRY ELEMENTS (KOHA)
Suppress in OPAC 0
Holdings
Withdrawn status Lost status Source of classification or shelving scheme Damaged status Not for loan Home library Current library Shelving location Date acquired Total Checkouts Full call number Barcode Date last seen Copy number Price effective from Koha item type
    Dewey Decimal Classification     Virtual Virtual Online 28/03/2003   ONLINE PUBLICATION 121782-2001 06/08/2019 1 06/08/2019 Book